La adolescencia normal: un enfoque psicoanalítico
Gespeichert in:
| Hauptverfasser: | , |
|---|---|
| Format: | Buch |
| Sprache: | Spanisch |
| Veröffentlicht: |
Buenos Aires
Paidós
1971
|
| Ausgabe: | 1a. ed |
| Schriftenreihe: | Biblioteca del educador contemporáneo, 127
|
| Schlagworte: | |
| Tags: |
Tag hinzufügen
Keine Tags, Fügen Sie den ersten Tag hinzu!
|
MARC
| LEADER | 00000nam a2200000 a 4500 | ||
|---|---|---|---|
| 001 | UCY6110 | ||
| 003 | CL-VaPUC | ||
| 008 | 950521e19710000AG |||||||||||||||||spa|d | ||
| 082 | 0 | 4 | |a 155.5 |b ABE |2 21 |
| 100 | 0 | |a Aberastury, Arminda |e author |9 335796 | |
| 700 | 0 | |a Knobel, Mauricio |e author |9 335797 | |
| 245 | 1 | 3 | |a La adolescencia normal: un enfoque psicoanalítico |
| 250 | |a 1a. ed | ||
| 300 | |a 163 p | ||
| 942 | |c BK | ||
| 945 | |d 19950521 00:00:00 |a mfernand | ||
| 260 | |a Buenos Aires |b Paidós |c 1971 | ||
| 650 | 0 | |a Psicología del adolescente |9 307864 | |
| 650 | 0 | |a Psicología del desarrollo |9 307541 | |
| 650 | 0 | |a Adolescentes |9 308058 | |
| 650 | 0 | |a Trastornos de la personalidad |9 307698 | |
| 650 | 0 | |a Enfermedades mentales |9 310204 | |
| 650 | 7 | |a PSICOTERAPIA |2 CL-VaPUC |9 335798 | |
| 650 | 0 | |a Psicoanálisis |9 265702 | |
| 583 | |a last modification |c 19950521 00:00:00 |k Rodrigo Vera | ||
| 490 | 0 | |a Biblioteca del educador contemporáneo, 127 | |
| 999 | |c 233693 |d 233691 | ||